Statistics for Highest National Incarceration Rates if US States were Countries

Click here to take the quiz!

General Stats

  • This quiz has been taken 23 times
  • The average score is 8 of 10

Answer Stats

HintAnswer% Correct
938 (0.9%)Alabama
100%
840 (0.8%)Texas
95%
968 (1%)Georgia (state)
90%
1,031 (1%)Mississippi
90%
993 (1%)Oklahoma
90%
942 (0.9%)Arkansas
86%
869 (0.9%)Arizona
81%
1,094 (1%)Louisiana
81%
930 (0.9%)Kentucky
67%
850 (0.9%)Wyoming
48%

Score Distribution

Percentile by Number Answered

Percent of People with Each Score

Your Score History

You have not taken this quiz